| 000 | 00838nam a2200169Ia 4500 | ||
|---|---|---|---|
| 008 | 090711s9999 xx 000 0 und d | ||
| 082 | _b1449 | ||
| 100 | _aलिओनिद इल्यिSा ब्रेझ्नेव | ||
| 245 | _aमलाया झेमल्या (छोटी भूमी) पुनरुज्जीवन | ||
| 260 |
_bतक्षशिला प्रकाशन _c1978 |
||
| 300 | _a128 | ||
| 600 | _aलिओनिद इल्यिSा ब्रेझ्नेव | ||
| 630 | _aमलाया झेमल्या (छोटी भूमी) पुनरुज्जीवन | ||
| 700 | _aलिओनिद इल्यिSा ब्रेझ्नेव | ||
| 730 | _aमलाया झेमल्या (छोटी भूमी) पुनरुज्जीवन | ||
| 942 | _cBOOK | ||
| 999 |
_c338482 _d338479 |
||